Uplatňovanie štýlov vedenia v poisťovni bakalárska práca

Uložené v:
Podrobná bibliografia
Hlavný autor: Kunová, Patrícia
Korporativný autor: Fakulta podnikového manažmentu EU. Katedra manažmentu
Ďalší autori: Ljudvigová, Ivana
Médium: Kniha
Jazyk:Slovak
Vydavateľské údaje: Bratislava 2018
Tagy: Pridať tag
Žiadne tagy, Buďte prvý, kto otaguje tento záznam!

MARC

LEADER 00000nbm a2200000 4500
001 0244615
005 20180918144456.7
041 0 |a slo 
044 |a SK 
245 1 0 |a Uplatňovanie štýlov vedenia v poisťovni  |b bakalárska práca  |c Patrícia Kunová ; školiteľ: Ivana Ljudvigová 
264 1 |a Bratislava  |c 2018 
300 |a 50 s. 
100 1 |a Kunová, Patrícia 
700 1 |a Ljudvigová, Ivana 
710 2 |a Fakulta podnikového manažmentu EU. Katedra manažmentu